000 00288nam a22001337a 4500
008 181122b xxu||||| |||| 00| 0 eng d
020 _a042799306505
041 _aeng
080 _a574
100 _a9
101 _aMJE
245 _aTreasury of Gardening
_cAmbler,W
942 _2udc
_cBK
999 _c52337
_d52337